000
00238 a2200097 4500
001
45532
100
_a
Chandler, T.J
245
_a
Modern meteorology and climatology an introduction
260
_a
London
_b
Nelson
_c
090
_c
28697
_d
28697
942
_a
NUST-CAE
_c
M
_c
20776
999
_c
280605
_d
280605